000 00524nam a2200169 a 4500
005 20140310183509.0
008 101019s19uu xx 00 eng d
020 _a9780470549537
050 _aTR 590
_b.D39 2010
100 _aDavis, Bob
245 _aLights, camera, capture :
_bcreative lighting techniques for digital photographers /
_cBob Davis
260 _aIndiana :
_bWiley Publishing,
_c2010.
300 _a224 p. :
_bcol. ill. ;
_c22 cm.
521 _aMA
650 _aPhotography
_xLighting.
942 _cBK
_2lcc
_kFOR
999 _c24141
_d24141